Những vấn đề căn bản của AutoCAD 2004 /

Spremljeno u:
Bibliografski detalji
Glavni autor: Nguyễn Minh Đức
Format: Knjiga
Jezik:Vietnamese
Izdano: GTVT 2004
Oznake: Dodaj oznaku
Bez oznaka, Budi prvi tko označuje ovaj zapis!
Thư viện lưu trữ: Mạng thư viện Đại học Đà Nẵng
LEADER 00697nam a2200265 4500
001 000028019
003 NVĐAUTO
005 20150403120000.0
008 150403s vm 000 vie
020 |c 0,0000 
040 |a notts 
100 |a Nguyễn Minh Đức 
245 |a Những vấn đề căn bản của AutoCAD 2004 /  |c Nguyễn Minh Đức (chủ biên) và Ban biên tập Tạp chí Computer Fan. 
260 |b GTVT  |c 2004 
OWN |a LTT 
999 |a From the UDN01 
TYP |a Monograph 
TYP |a Printed language 
980 |a Mạng thư viện Đại học Đà Nẵng